Study Edition Macroeconomics (Record no. 46)

000 -LEADER
fixed length control field 00532nam a22002057a 4500
003 - CONTROL NUMBER IDENTIFIER
control field OSt
005 - DATE AND TIME OF LATEST TRANSACTION
control field 20210528111329.0
008 - FIXED-LENGTH DATA ELEMENTS--GENERAL INFORMATION
fixed length control field 210528b ||||| |||| 00| 0 eng d
020 ## - INTERNATIONAL STANDARD BOOK NUMBER
International Standard Book Number 9780321439987
040 ## - CATALOGING SOURCE
Transcribing agency Alupe University
050 ## - LIBRARY OF CONGRESS CALL NUMBER
Classification number HB172.5
Item number .R35 2007
245 ## - TITLE STATEMENT
Title Study Edition Macroeconomics
250 ## - EDITION STATEMENT
Edition statement 11th
Remainder of edition statement Canadian
260 ## - PUBLICATION, DISTRIBUTION, ETC.
Place of publication, distribution, etc. Toronto, Canada
Name of publisher, distributor, etc. Pearson Addison-Wesley
Date of publication, distribution, etc. 2007
300 ## - PHYSICAL DESCRIPTION
Extent 924p
650 ## - SUBJECT ADDED ENTRY--TOPICAL TERM
General subdivision Macroeconomics
700 ## - ADDED ENTRY--PERSONAL NAME
Fuller form of name Richard G Lipsey
942 ## - ADDED ENTRY ELEMENTS (KOHA)
Source of classification or shelving scheme
Koha item type Book
Suppress in OPAC MW
Holdings
Withdrawn status Lost status Source of classification or shelving scheme Damaged status Not for loan Permanent Location Current Location Shelving location Date acquired Total Checkouts Full call number Barcode Date last seen Date last checked out Price effective from Koha item type Public note
          AU LIBRARY AU LIBRARY Open Shelf 28.05.2021 1 HB172 .R35 2007 28000136 07.03.2024 23.02.2024 28.05.2021 Book MW

Powered by Koha